| 000 | 00532nam a22002057a 4500 | ||
|---|---|---|---|
| 003 | OSt | ||
| 005 | 20140310182839.0 | ||
| 008 | 130608t xxu||||| |||| 00| 0 eng d | ||
| 020 | _a0091820014 | ||
| 050 |
_aRM 237.5 _b.K37 1996 |
||
| 082 |
_aM 641.4 _bK42 1996 |
||
| 245 |
_aRaw energy : _bfood combining diet / _cKenton, Leslie |
||
| 260 |
_aLondon : _bEbury Press, _c1996 |
||
| 300 |
_a160 p. : _c20 cm. |
||
| 521 | _acollege students | ||
| 526 | _c1210L-1700L | ||
| 541 | _j1 | ||
| 562 | _e1 | ||
| 942 |
_2lcc _cBK _kM |
||
| 999 |
_c16830 _d16830 |
||